000 00495nam a2200181Ia 4500
005 20250508160208.0
008 008 250505s9999 xx 000 0 eng d
037 _aBooks to be hide in OPAC
040 _aFEDL
_beng
_cFEDL
041 _aeng
_2eng
084 _qFEDL
245 0 _aStatistics of city school systems, 1921-22
260 _aWashington, USA
_bU.S. Government Printing Office
_c1925
300 _a222p.
546 _aWeeded out
942 _cHB
999 _c1362584
_d1362584